00528nam a2200193 a 4500001001300000003000900013005001700022008004100039020001000080082001300090100001800103245008100121260002300202300000900225500003500234505002800269650001900297700001800316nice12345678IN_TiNIC20260116015248.0050524s1951 lona grp 000 0 eng  ac10000a270bTHO aThompson, H P aInto All Landsb the History of the Propagation of the Gospel in Foreign Par aLondonbSpckc1951 a760p aincludes index and biblioraphy2 aForeign Parts 1701-1950 aChurch-History1 aThompson, H P